Lenguaje, significado y contexto /

Guardado en:
Autor Principal: Lyons, John
Formato: Libro
Publicado: Barcelona : Paidós, 1983
Series:Paidós comunicación, 6
Materias:
Etiquetas: Agregar Etiqueta
Sin Etiquetas, Sea el primero en etiquetar este registro!
LEADER 01003nam a22002175a 4500
001 CEM.cems012314
005 20061002070630.0
008 130507s1983##################000#0#####d
003 CEMS
020 |a 8475092101 
082 0 4 |a 410 
100 1 |a Lyons, John 
245 1 0 |a Lenguaje, significado y contexto /  |c John Lyons 
260 |a Barcelona :  |b  Paidós,  |c 1983 
300 |a 254 p. 
490 0 |a Paidós comunicación, 6 
505 0 |a Introducción -- Palabras y sintagmas -- Tratamiento de las definiciones. La dificultad de definir palabras -- Redes de palabras. La formalización de la estructura léxica -- Oraciones -- Nexos lógicos. Significado de la oración y contenido proporcional -- Más allá de la oración: enunciados y textos -- Entender enunciados. Texto y contexto -- Mundos dentro de otros mundos. La subjetividad de los enunciados 
653 |a Lingüística 
653 |a Filología 
653 |a Lingüística comparada 
859 |a CEMS  |b BIB. CEMS - 11 de abril  |h 410  |i L979  |p 23520.06  |t Ej.1